Orientación educacional: sus fundamentos sociales

Uloženo v:
Podrobná bibliografie
Hlavní autor: Weinberg, Carl (Autor)
Médium: Kniha
Jazyk:španělština
Vydáno: Buenos Aires Paidós 1972
Edice:Biblioteca de psicología y sociología aplicadas. Serie fundamental, 11
Témata:
Tagy: Přidat tag
Žádné tagy, Buďte první, kdo vytvoří štítek k tomuto záznamu!

MARC

LEADER 00000nam a2200000 a 4500
001 UCY8133
003 CL-VaPUC
008 950623e19720000AG |||||||||||||||||spa|d
082 0 4 |a 371.42  |b WEI  |2 21 
100 0 |a Weinberg, Carl  |e author  |9 339298 
245 1 0 |a Orientación educacional: sus fundamentos sociales 
300 |a 333 p 
942 |c BK 
945 |d 19950623 00:00:00  |a cmena 
260 |a Buenos Aires  |b Paidós  |c 1972 
650 0 |a Orientación profesional   |9 308504 
650 0 |a Psicología educacional   |9 307830 
650 7 |a ORIENTACION EDUCACIONAL  |2 CL-VaPUC  |9 312512 
650 0 |a Vocación  |9 328817 
650 0 |a Cambio social   |9 256857 
650 0 |a Interacción social   |9 307764 
583 |a last modification  |c 19950623 00:00:00  |k Rodrigo Vera 
490 0 |a Biblioteca de psicología y sociología aplicadas. Serie fundamental, 11 
999 |c 235411  |d 235409 
952 |0 0  |1 0  |4 0  |6 371_420000000000000_WEI_1972  |7 0  |8 P  |9 242807  |a BIBEDU  |b BIBEDU  |c BIBEDU_PB  |d 2019-11-18  |i 152299K  |o 371.42 WEI 1972  |p 152299K  |r 2024-01-25  |w 2019-11-18  |y BK  |k EDU